000 00997cam a22003131 4500
003 EG-GICUC
005 20260425211606.0
008 850925s1957 it fr 000 0 ita
035 _a(OCoLC)19436771
040 _aEG-GICUC
_cEG-GICUC
_dEG-GICUC
_dEG-GICUC
_bita
_erda
041 _aita
050 0 0 _aKKH3900
_b.S268 1957
082 0 4 _221
_a343
_bSA . O
092 0 4 _221
099 _aLaw1 10 343 SA . O 1957
100 1 _aSantoro, Arturo
_eAuthor.
245 1 2 _aL'ordine del superiore nel diritto penale /
_cArturo Santoro.
264 _a[Torino]
_bUnione tipografico-editrice torinese
_c1957.
300 _a267 p.
_c25 cm.
336 _atext
_btxt
_2rdacontent
337 _aunmediated
_bn
_2rdamedia
338 _avolume
_bnc
_2rdacarrier
440 0 _aStudi di diritto e procedura penale
546 _a Text in Italian
650 0 _aSuperior orders (Criminal law)
_zItaly.
856 4 0 _uhttps://fll.law.cu.edu.eg/fulltext/bks/B10-10840.pdf
905 _a30
942 _2ddc
_cBK
_e21
_n0
999 _c73363
_d73363